00656 2200265 4500001002100000005001700021008004100038020001800079035002400097082001000121090001700131100001700148245004100165250001100206260003100217300002500248500003100273650001700304850000900321980001500330985000600345986000900351999001500360999001500375YOGYA-0209000006583820090227091839.0 ind  a979-497-673-3 0010-020900000065838 a174.4 a174.4bKir E aKIRANA, Andy aEtika bisnis konstruksicAndy Kirana aCet. 1 aYogyakartabKanisiusc1996 a123 hlmbilusc20 cm aBibliografi : hlm. 121-123 aEtika bisnis aBPAD a01-12-2008 a2 aRuni aP000008428 aP000008429